| 000 | 00645nam a22001937a 4500 | ||
|---|---|---|---|
| 999 |
_c11581 _d11581 |
||
| 003 | AR-CdUCM | ||
| 008 | 190404b ||||| |||| 00| 0 spa d | ||
| 040 |
_aMUNICIPALIDAD PROVINCIAL DEL CUSCO _cBIBLIOTECA MUNICIPAL DEL CUSCO |
||
| 082 |
_a345.1 / _bP964 / 1959 |
||
| 110 |
_aUniversidad de Madrid Facultad de Derecho _929012 |
||
| 245 | _aPrograma de derecho procesal / | ||
| 260 |
_aMadrid : _bGráficas Benzal, _c1959. |
||
| 300 |
_a32 páginas ; _c19 cm. |
||
| 505 | _aContenido: Programa de derecho procesal. | ||
| 650 |
_aEspaña _9176 |
||
| 650 |
_aDerecho procesal Español _929013 |
||
| 942 |
_2ddc _cLIBROS |
||
| 945 |
_acmm _d2019-04-04 |
||